Avances de Investigación 1976 (16). Estructura social y medios masivos de comunicación/
Uloženo v:
| Hlavní autor: | |
|---|---|
| Médium: | Vládní dokument Kniha |
| Jazyk: | Spanish |
| Témata: | |
| Tagy: |
Přidat tag
Žádné tagy, Buďte první, kdo vytvoří štítek k tomuto záznamu!
|
MARC
| LEADER | 00000nam a22000007a 4500 | ||
|---|---|---|---|
| 003 | cru IIS | ||
| 005 | 20220704110905.0 | ||
| 007 | ta | ||
| 008 | 220523s1990 cr |||p|r|||| 00| 0 spa d | ||
| 040 | |c cru IIS | ||
| 086 | |a REV0053 (16) 1976 | ||
| 100 | 1 | |9 320 |a Gandásegui, Marco A., |e Autor |c hijo |d 1943-2020 | |
| 245 | 1 | |a Avances de Investigación 1976 (16). |b Estructura social y medios masivos de comunicación/ |c Marco A. Gandasegui | |
| 300 | |a 55 páginas | ||
| 500 | |a Colección Centroamérica | ||
| 505 | |a INTRODUCCIÓN / Marco A. Gandasegui (páginas 1-3) I Parte / Marco A. Gandasegui (páginas 4-18) II Parte / Marco A. Gandasegui (páginas 19-34) III Parte / Marco A. Gandasegui (páginas 35-55) | ||
| 650 | 0 | |9 196 |a COMUNICACION | |
| 650 | 0 | |9 2097 |a SOCIALISMO | |
| 651 | 0 | |9 32 |a COSTA RICA | |
| 942 | |2 ddc |c PP | ||
| 999 | |c 44353 |d 44353 | ||
| 773 | 0 | |0 19073 |9 7507 |a Universidad de Costa Rica. |d San José, Costa Rica UCR. FCS. IIS |o 22666 |t Avances de Investigación/ | |
